1188 1977 1626 1512 1723 1711 1308 1358 1042 1956 1716 1642 1774 1176 1800 1690 1466 1367 1549 1266 1713 1164 1908 1750 1410 1808 1562 1237 1861 1242 1421 1649 1599 1980 1895 1420 1222 1628 1106 1078 1083 1642 1336 1982 1292 1858 1155 1602 1522 1904 1827 1022 1908 1178 1027 1531 1144 1757 1052 1678 1962 1059 1041 1872 1242 1979 1098 1118 1652 1019 1554 1791 1724 1178 1284 1121 1392 1362 1841 1997 1009 1152 1978 1113 1567 1308 1683 1819 1646 1182 1854 1176 1484 1680 1773 1408 1652 1890 1831 BCNSPRNW ULIB Ver.6.0+V

เปลี่ยนเป็นภาษาไทย

Change to English
 แสดงรายละเอียดบรรณานุกรม
  กลับหน้าหลัก

Brief Record : Get Marc (ISO 2709) : E-mail record : QR code < ปิดหน้าต่าง
LEADER : 00000nam 2200000uu 4500
001    13399120743
003     ULIB
008    121005s2548||||th 000 0 tha d
020    ^a9749003608
050 04 ^aBQ4570^bข251ธ
100 0  ^aขวัญ เพียงหทัย
245 10 ^aธรรมะรอบกองไฟ /^cขวัญ เพียงหทัย, อนุรักษ์ จันทร์โพธิ์ศรี
250    ^aพิมพ์ครั้งที่ 18
260    ^aกรุงเทพฯ :^bเรือนธรรม,^c2548
300    ^a223 หน้า ;^c21 ซม.
650  7 ^aธรรมะกับชีวิตประจำวัน
650  7 ^aพุทธศาสนากับชีวิตประจำวัน
650  7 ^aพุทธศาสนิกชน^xการดำเนินชีวิต
700 0  ^aอนุรักษ์ จันทร์โพธิ์ศรี
945    ^p60^l0^i15051
945    ^p60^l0^i17677
995    ^aวิภา
999 ^a ใช้งานได้ทุกระบบ
รายการนี้ยังไม่มีแท็ก
คุณยังไม่ได้ล็อกอิน คุณสามารถมีกิจกรรมร่วมกับเว็บไซต์ได้ แต่ต้องล็อกอินก่อน ::
  ล็อกอิน

รายการสื่อสารสนเทศ

ลำดับที่ ประเภท เลขเรียก/บาร์โค้ด สถานที่ สถานะ
1. วิทยาศาสตร์การแพทย์ และสุขภาพ
วิทยาศาสตร์การแพทย์ และสุขภาพ
BQ4570 ข251ธ  
  Barcode: 15051
ห้องสมุดวิทยาเขตสวรรค์ประชารักษ์
►หนังสือทั่วไป
บนชั้น
2. นวนิยาย
นวนิยาย
BQ4570 ข251ธ ฉ.2 
  Barcode: 17677
ห้องสมุดวิทยาเขตสวรรค์ประชารักษ์
►หนังสือทั่วไป
บนชั้น

รายการใกล้เคียง
    ผู้แต่ง [ขวัญ เพียงหทัย]

    หัวเรื่อง [ธรรมะกับชีวิตประจำวัน]
    หัวเรื่อง [พุทธศาสนากับชีวิตประจำวัน]

BibComment


ยังไม่เคยถูกคอมเมนท์

คอมเมนท์ทรัพยากรรายการนี้
  คอมเมนท์: ธรรมะรอบกองไฟ ข..


 Copyright 2026. Bcnsprnw @Library